| 000 | 00760nam a22001935i 4500 | ||
|---|---|---|---|
| 001 | 157716 | ||
| 003 | ES-MaACL | ||
| 005 | 20231103062535.0 | ||
| 008 | 970410s1899 fr |||| | fre d | ||
| 040 |
_aAN _bspa _cAN |
||
| 100 | 1 |
_aLichtenberger, André. _972186 |
|
| 245 | 1 | 3 |
_aLe socialisme et la revolution française _b: étude sur les idées socialistes en France de 1789 a 1796 / _cpar André Lichtenberger. |
| 260 |
_aParis : _bAncienne Librairie Germer Builliére et Cie : _bFelix Alcan, editeur, _c1899 ( _fImp. Paul Brodard) |
||
| 300 |
_a[4], 316 p. ; _c22 cm. |
||
| 650 | 0 | 4 |
_aSocialismo- _zFrancia. _917161 |
| 651 | 4 |
_aFrancia- _xHistoria- _y1789-1799, Revolución _98685 |
|
| 852 |
_aES-MaACL _jG-7539 _z-- Enc. hol. |
||
| 999 |
_c157716 _d157716 |
||